A verdadeira história da estátua (Record no. 72219)

MARC details
000 -LÍDER
campo de controle de tamanho fixo 00389 a2200157 4500
001 - NÚMERO DE CONTROLE
campo de controle 72219
020 ## - ISBN - INTERNATIONAL STANDARD BOOK NUMBER
ISBN - International Standard Book Number 8532207871
040 ## - FONTE DA CATALOGAÇÃO
Instituição que transcreveu o registro Anchieta - Colégio São Paulo
100 ## - ENTRADA PRINCIPAL--NOME PESSOAL
Nome pessoal Vasconcellos, Cecíllia
240 10 - TÍTULO UNIFORME
Título uniforme A verdadeira história da estátua
Idioma da obra por
245 10 - TÍTULO
Título A verdadeira história da estátua
300 ## - DESCRIÇÃO FÍSICA
Extensão 44
362 0# - DATAS DE PUBLICAÇÃO E/OU DESIGNAÇÃO SEQUENCIAL
Datas de publicação e/ou designação sequencial 1997
650 #4 - ASSUNTO--TERMO TÓPICO
Cabeçalho tópico ou nome geográfico Literatura infantil
942 ## - ELEMENTOS DE ENTRADA ADICIONADOS (KOHA)
Tipo de material Koha Livros
Holdings
Situação do descarte Situação das perdas Situação física Não pode ser emprestado Biblioteca de origem Biblioteca atual Data de aquisição Total de empréstimos Número de chamada completo Código de barras Data de último acesso Data do preço efetivo Tipo de material Koha Fonte da classificação ou esquema de arquivamento na estante Número do exemplar
        Colégio São Paulo Colégio São Paulo 22/11/2023   LI 028.5 V331v 1697/CSP 22/11/2023 22/11/2023 Livros    
        Portinari - Salvador Portinari - Salvador 09/07/2024   028.5 V331v 1429/CCP 09/07/2024 09/07/2024 Livros   Ex. 1